000 01190nam a2200325Ia 4500
001 A9325
003 IT-RoPAU
008 130308s9999 xx 000 0 und d
040 _aIT-RoPAU
040 _cIT-RoPAU
041 _aITALIANO
100 _aRodari Gianni
100 _gCodice Aut. SPICS: 1967
245 _aFavole al telefono (trattamento)
245 _bFavole al telefono (Trattamento)
250 _a1a ed.
260 _aROMA
260 _bSampaolo Film Audiovisivi
260 _c1980 [1° Ed.:1980 - Ed.Ling.Originale:1980]
300 _a"139 p. (prefazione: 3; testo: 136 [pagine: 0-0])"
500 _aTrattamento delle Singole Favole:1. la Guerra delle Campane.2. la strada che Non Andava in nessun Posto.3. Ascensore per le Stelle.4. Il Re Mida.5. Il palazzo di Gelato.6. Uno e Sette.7. L'Autobus N. 75.8. l'uomo che Rubava Il Colosseo.9. Il Tamburirno Magico.10. Il Semaforo Blu.11. a toccare Il Naso del Re.12. Il Naso che Scappa.
650 _aAUTORI/OPERE DEL CINEMA
650 _eCodice materia Spics: 6807
700 _aGuerra Tonino
700 _gCodice Aut. SPICS: 5721
942 _cBK
957 _71
999 _c71458
_d71458
999 _bSI
999 _g1